| 000 | 00661cam a22002171 4500 | ||
|---|---|---|---|
| 001 | 275221 | ||
| 005 | 20180130044149.0 | ||
| 008 | 731023s1946 nyuc b 000 0 eng | ||
| 010 | _a 46005298 | ||
| 040 |
_aDLC _cDLC _dDLC |
||
| 041 | 1 | _aeng | |
| 080 | _a316 GER | ||
| 082 | _a316 GER | ||
| 100 | 1 | _a50 | |
| 101 | _aSOC | ||
| 240 | 1 | 0 |
_aSelected works. _lEnglish |
| 245 | 1 | 0 |
_aFrom Max Weber: Essays in sociology. _cTranslated, edited, and with an introduction, by H. H. Gerth and C. Wright Mills. |
| 504 | _aBibliographical references included in "Notes" (p. 445-467) | ||
| 906 |
_a7 _bcbc _corignew _du _eocip _f19 _gy-gencatlg |
||
| 942 |
_2ddc _cBK |
||
| 999 |
_c41255 _d41255 |
||